000 01296nam a2200337 a 4500
003 BLK
005 20250213133436.0
008 180409b bul|||||r ||||||| ||bul||
010 _aKNG00136330000
020 _a978-954-409-328-0
040 _aBLK
041 _aBUL
_cBUL
072 7 _2bullib
_aН8300
_xРомантична проза Н
080 _aАмериканска литература (на САЩ)
_b821.111(73)
_x-31
_z821.111(73)-31
084 _aК 87
100 1 _aКоултър, Катрин
_983465
245 1 0 _aНаследницата на Валкорт
_bРоман
_cКатрин Коултър; прев. от англ. Пламен Кирилов.
257 _aUSA
260 _aСофия
_bПлеяда
_c2012
300 _a312 с.
_c20 см
380 _aX
490 _aПоредица Пеперуда : Съвременна романтична проза
500 _aОриг. загл. The Valcourt Heiress / Catherine Coulter.
700 1 _aКирилов, Пламен
_eпрев. от англ.
_9253363
852 _aЦб 256874
856 4 _qpdf
856 4 _qpdf
942 _cKNG
_n0
_048
944 _aCR
_c08.07.2009
_lМартин Енчев
_k30575
999 _c130564
_d130564